El Montseny i el futur : debat sobre l' ordenació del parc natural del Montseny : taules rodones i jornades, gener-juny 1994 debat sobre l' ordenació del parc natural del Montseny :
Descripción Física:
1 carpeta ; 33 cm
Otros Autores:
Girona. Diputació
Materias:
Montseny -- Congressos
MARC
| LEADER | 00000nam a2200000Ia 4500 | ||
|---|---|---|---|
| 001 | 20935 | ||
| 008 | 160829s1995 xx 000 0 cat d | ||
| 080 | |a FOL-3-61 | ||
| 245 | |a El Montseny i el futur : |b debat sobre l' ordenació del parc natural del Montseny : |b taules rodones i jornades, gener-juny 1994 | ||
| 260 | |a Barcelona : |b Diputació de Barcelona, Diputació de Girona, |c 1995 | ||
| 300 | |a 1 carpeta ; |c 33 cm | ||
| 590 | |a Conté algunes de les ponències presentades en la Jornada de cloenda, prèvies a la publicació de la versió final (es pot trobar al R. 10950) | ||
| 650 | |a Montseny |x Congressos |9 24780 | ||
| 700 | |a Girona. Diputació | ||
| 710 | 1 | |a Barcelona (Catalunya : Província). |b Diputació |9 52408 | |
| 901 | |a Arxiu | ||
| 942 | |n 1 | ||
| 952 | |0 0 |1 0 |4 0 |6 FOL361 |7 1 |9 48917 |a Arxiu |b Arxiu |d 2016-12-01 |l 0 |o FOL-3-61 |p 20935 |r 2016-12-01 00:00:00 |w 2016-12-01 |y ARXIU | ||
| 999 | |c 52752 |d 52752 | ||